000
00313nam a22001097a 4500
003
OSt
008
250128b |||||||| |||| 00| 0 eng d
041
_a
eng
245
_a
National Symposium on Water Resources Servation, Regulating and Reuse
260
_a
Nagpur:
_c
1990.
_b
Indian Water Works Association,
942
_c
BK
999
_c
19157
_d
19157